History Quiz: True or False? #3 - Statistics

General Stats
  • This quiz has been taken 172 times
  • The average score is 10 of 15
Answer Stats
Question Answer % Correct
In 1814, eight people died in a beer flood in London. True
92%
Julius Caesar was a member of the Second Triumvirate. False
85%
Hongwu Emperor, the first emperor of the Ming dynasty, started life as a peasant. True
85%
The last sultan of the Ottoman Empire died in Italy. True
77%
Cádiz, Palermo and Tangier were all founded by the Phoenicians. True
77%
The only wooden ships to have been over 100 metres in length were all built after 1600. False
69%
The first operational helicopter was built during World War II. False
69%
Excluding Indonesia, Papua New Guinea was the first country in Oceania, after Australia and New Zealand, to become an independent 20th century nation. False
62%
Chinese mingqui served practically the same purpose as Ancient Egyptian shabtis. True
62%
The word kamikaze dates back to the attempted Mongol invasions of Japan. True
62%
The Inca Empire was established before the Aztec Empire. False
54%
The Kingdom of Axum predated the Kingdom of Kush by around 100 years. False
46%
Nintendo was founded before Metro-Goldwyn-Meyer (MGM). True
46%
The Russians built forts in Hawaii. True
46%
The first people to inhabit Madagascar came from what is now Mozambique. False
38%
No matching quizzes found
Score Distribution
Percent of People with Each Score
Percentile by Number Answered
Your Score History
You have not taken this quiz